Giáo trình dược lý học thú y

Giáo trình dược lý học thú y gồm 2 phần: dược lý học thú y đại cương và dược lý học thú y chuyên khoa.

Saved in:
Bibliographic Details
Main Author: Phạm, Khắc Hiếu
Format: Book
Language:Undetermined
Published: Hà Nội Giáo dục 2009
Subjects:
Tags: Add Tag
No Tags, Be the first to tag this record!
Institutions: Trung tâm Học liệu Trường Đại học Cần Thơ
LEADER 00761nam a2200205Ia 4500
001 CTU_120323
008 210402s9999 xx 000 0 und d
020 |c 39500 
082 |a 636.08951 
082 |b H309 
100 |a Phạm, Khắc Hiếu 
245 0 |a Giáo trình dược lý học thú y 
245 0 |c Phạm Khắc Hiếu 
260 |a Hà Nội 
260 |b Giáo dục 
260 |c 2009 
520 |a Giáo trình dược lý học thú y gồm 2 phần: dược lý học thú y đại cương và dược lý học thú y chuyên khoa. 
650 |a Pharmacology,Veterinary medicine,Dược học,Thuốc thú y 
904 |i QHieu 
980 |a Trung tâm Học liệu Trường Đại học Cần Thơ